[Event "Levikov Mem"]
[Site "Lviv UKR"]
[Date "2006.12.11"]
[Round "5"]
[White "Esen,B"]
[Black "Leniart,A"]
[Result "1-0"]
[WhiteElo "2464"]
[BlackElo "2315"]

1.d4 d5 2.c4 e6 3.Nf3 Nf6 4.Nc3 Be7 5.Bf4 O-O 6.e3 c5 7.dxc5 Bxc5 8.Qc2 Nc6
9.Rd1 Qa5 10.Be2 Nb4 11.Qb3 dxc4 12.Bxc4 Nbd5 13.Be5 Qb4 14.O-O Qxb3 15.Bxb3 Nxc3
16.Bxc3 b6 17.Bd4 Bxd4 18.Rxd4 Bb7 19.Ne5 Rfc8 20.Rfd1 Kf8 21.f3 Ke7 22.e4 Rc7
23.Kf2 Rac8 24.Ke3 Ba6 25.Ba4 h5 26.h4 Rc1 27.Rxc1 Rxc1 28.Nc6+ Kf8 29.Rd8+ Ne8
30.Nxa7 b5 31.Bxb5 Bxb5 32.Nxb5 Ke7 33.Rd2  1-0

[Event "13th Open A"]
[Site "Zadar CRO"]
[Date "2006.12.15"]
[Round "7"]
[White "Sutkovic,D"]
[Black "Dimitrov,R"]
[Result "0-1"]
[WhiteElo "2311"]
[BlackElo "2207"]

1.d4 Nf6 2.c4 e6 3.Nc3 d5 4.Nf3 Be7 5.Bf4 O-O 6.e3 c6 7.Bd3 Nbd7 8.O-O b6
9.cxd5 exd5 10.h3 Bb7 11.Rc1 a6 12.a3 c5 13.Bb1 Ne4 14.dxc5 Nxc3 15.Rxc3 bxc5
16.Qb3 Nb6 17.Rcc1 g6 18.Bh6 Re8 19.Rfd1 d4 20.exd4 c4 21.Qc3 Na4 22.Qc2 Bxf3
23.gxf3 Bg5 24.Qxa4 Bxh6 25.Rxc4 Qg5+ 26.Kf1 Qh4 27.Qd7 Re6 28.Rc8+ Rxc8
29.Qxc8+ Kg7 30.Kg2 Re2 31.Rf1 Be3 32.Qg4 Rxf2+ 33.Rxf2 Qxf2+ 34.Kh1 Qf1+
35.Kh2 Qxb1  0-1

[Event "IM Multicoms"]
[Site "Paris FRA"]
[Date "2006.12.16"]
[Round "4"]
[White "Goldsztejn,G"]
[Black "Parmentier,X"]
[Result "1/2-1/2"]
[WhiteElo "2303"]
[BlackElo "2284"]

1.d4 d5 2.Nf3 Nf6 3.c4 e6 4.Nc3 Be7 5.Bf4 O-O 6.e3 Nbd7 7.c5 c6 8.Bd3 b6
9.b4 a5 10.a3 Ba6 11.O-O Bxd3 12.Qxd3 Nh5 13.Rfe1 Nxf4 14.exf4 Qc7 15.Ne5 Nxe5
16.fxe5 f5 17.Na4 axb4 18.cxb6 Qb7 19.axb4 Bxb4 20.Reb1 Be7 21.Nc5 Bxc5 22.dxc5 Kf7
23.Qd4 Rfb8 24.h3 g5 25.Qd1 Kg6 26.Rxa8 Rxa8 27.Ra1 h5 28.Rxa8 Qxa8 29.Qb1 Qb7
30.Qa1 Qe7 31.Qb2 Qb7 32.Qa3 Qb8 33.Qb2 Qb7 34.Kf1 Qa6+ 35.Ke1 Qa5+ 36.Ke2 Qa6+
37.Ke3 f4+ 38.Kd2 Qf1 39.Kc2 Qe2+ 40.Kb1  1/2-1/2

[Event "6th Amplico AIG Life"]
[Site "Warsaw POL"]
[Date "2006.12.16"]
[Round "1"]
[White "Kveinys,A"]
[Black "Szmidt,P"]
[Result "1-0"]
[WhiteElo "2540"]
[BlackElo "1901"]

1.Nf3 Nf6 2.c4 e6 3.Nc3 d5 4.d4 Be7 5.Bf4 c6 6.e3 O-O 7.Qc2 Nbd7 8.h3 dxc4
9.Bxc4 Nb6 10.Be2 Nbd5 11.Bg3 c5 12.O-O Qa5 13.Nxd5 exd5 14.dxc5 Bxc5 15.a3 Be7
16.Bc7 Qc5 17.Qxc5 Bxc5 18.Be5 Ne4 19.Rac1 Bf5 20.Nd4 Bg6 21.Rfd1 Bd6 22.Bxd6 Nxd6
23.Nb3 Nc4 24.Bxc4 dxc4 25.Rxc4 Rac8 26.Rdc1 Bf5 27.Rxc8 Rxc8 28.Rxc8+ Bxc8
29.Nd4 Bd7 30.f3 Kf8 31.Kf2 Ke7 32.e4 Kd6 33.Ke3 Kc5 34.Kd3 b6 35.b4+ Kd6
36.f4 Bc8 37.Nb5+ Ke6 38.Nxa7 Ba6+ 39.b5 Bb7 40.g4 Kd6 41.Kd4 f6 42.Nc6 Bxc6
43.bxc6 Kxc6 44.a4 Kd6 45.e5+ Ke6 46.Ke4  1-0

[Event "6th Amplico AIG Life"]
[Site "Warsaw POL"]
[Date "2006.12.16"]
[Round "8"]
[White "Kempinski,R"]
[Black "Zagorskis,D"]
[Result "1/2-1/2"]
[WhiteElo "2590"]
[BlackElo "2468"]

1.d4 Nf6 2.c4 e6 3.Nf3 d5 4.Nc3 Be7 5.Bf4 O-O 6.e3 b6 7.Rc1 Bb7 8.Bd3 c5
9.cxd5 exd5 10.O-O Nbd7 11.h3 a6 12.dxc5 bxc5 13.Qe2 Re8 14.Rfd1 Bf8 15.Qd2 g6
16.Bc2 Nb6 17.Bb3 Qe7 18.Bg5 Red8 19.a4 a5 20.Nb5 h6 21.Bf4 Ne8 22.Qe1 Bg7
23.Rb1 Bc6 24.Bc2 Nc4 25.Nc3 Nb6 26.b3 Nf6 27.Bd3 Ne4 28.Ne2 Be8 29.Rbc1 c4
30.Bxe4 dxe4 31.Nfd4 Rdc8 32.bxc4 Bxa4 33.Rd2 Nxc4 34.Ra2 Be8 35.Nc3 a4 36.Nd5 Qb7
37.Nc7 Rxc7 38.Bxc7 Qxc7 39.Rac2 Bxd4 40.Rxc4 Qxc4 41.Rxc4 Bg7 42.Qc1 Bd7
43.Qd1 Bb5 44.Qd5 Rb8 45.Rb4 a3 46.Qb3 Ra8 47.Rxb5 a2 48.Rb8+ Rxb8 49.Qxa2 Re8
50.Qa4 Re6 51.Qd7 h5 52.g4 hxg4 53.hxg4 Bf6 54.Kg2 Kg7 55.Qd5 Re5 56.Qc4 Re6
57.Kh3 Re5 58.Kg3 Re6 59.Kf4 Kg8 60.g5 Be7 61.Qd5 Kg7 62.Kg4 Kg8 63.Qd4 Bf8
64.Qc4 Be7 65.Qd5 Kg7 66.Kh3 Kg8 67.Kg2 Kg7 68.Kf1 Kg8 69.Ke2 Kg7 70.Qb5 Kg8
71.Kd2 Kg7 72.Kc3 Kg8 73.Kd4 Kg7 74.Kc4 Kg8 75.Qb8+ Kg7 76.Qf4 Kg8 77.Kd5 Kg7
78.Qg4  1/2-1/2

[Event "6th Amplico AIG Life"]
[Site "Warsaw POL"]
[Date "2006.12.17"]
[Round "13"]
[White "Krysztofiak,M"]
[Black "Olejarczyk,B"]
[Result "1-0"]
[WhiteElo "2397"]
[BlackElo "2222"]

1.d4 d5 2.c4 e6 3.Nc3 Nf6 4.Nf3 Be7 5.Bf4 O-O 6.e3 c6 7.Qc2 Nbd7 8.Bd3 dxc4
9.Bxc4 b5 10.Be2 Bb7 11.O-O Nh5 12.Be5 Nxe5 13.dxe5 g6 14.Rfd1 Qc8 15.Ne4 a6
16.Rac1 Qc7 17.Nd6 c5 18.Qxc5 Qxc5 19.Rxc5 Bd5 20.Nd2 Bxd6 21.exd6 Nf6 22.Bf3 Rac8
23.Rxc8 Rxc8 24.e4 Bxa2 25.Ra1 Bc4 26.Rxa6 e5 27.Nxc4 Rxc4 28.h4 Rd4 29.Rb6 b4
30.Rb5 Nd7 31.Kf1 f6 32.Ke2 Kf7 33.Rb7 Ke8 34.Ke3 h5 35.Be2 Rxd6 36.Bb5 Kd8
37.Bxd7 Rxd7 38.Rxd7+  1-0

[Event "44th National A ch-IND"]
[Site "Atul IND"]
[Date "2006.12.22"]
[Round "6"]
[White "Saravanan,V1"]
[Black "Ravi,Th"]
[Result "1/2-1/2"]
[WhiteElo "2383"]
[BlackElo "2335"]

1.Nf3 Nf6 2.c4 e6 3.Nc3 d5 4.d4 Be7 5.Bf4 O-O 6.e3 Nbd7 7.Qc2 c6 8.a3 Nh5
9.Be5 f6 10.Bg3 f5 11.Bd3 g6 12.Be5 Qe8 13.h3 Nhf6 14.g4 fxg4 15.Ng5 Nxe5
16.dxe5 dxc4 17.Bxc4 Nd5 18.Nge4 Bh4 19.O-O-O g3 20.fxg3 Nxe3 21.Qd3 Nxd1
22.gxh4 Nxc3 23.Qxc3 Qe7 24.h5 gxh5 25.Nf6+ Kh8 26.Rg1 Bd7 27.Bd3 Rg8 28.Nxg8 Rxg8
29.Rf1 Be8 30.Rf6 Bg6 31.Kb1 Bxd3+ 32.Qxd3 Rf8 33.Qf3 Rxf6 34.exf6 Qc5 35.Qg3 Qf5+
36.Ka2 Qxf6 37.Qb8+ Kg7 38.Qxb7+ Qf7 39.Qxc6 e5+ 40.Kb1 Qg6+ 41.Qc2 Qf7 42.Qg2+ Qg6+
43.Qc2  1/2-1/2

[Event "44th National A ch-IND"]
[Site "Atul IND"]
[Date "2006.12.24"]
[Round "8"]
[White "Saravanan,V1"]
[Black "Babu,NS"]
[Result "1/2-1/2"]
[WhiteElo "2383"]
[BlackElo "2290"]

1.Nf3 d5 2.d4 Nf6 3.c4 e6 4.Nc3 Be7 5.Bf4 c5 6.dxc5 Na6 7.cxd5 exd5 8.e3 Nxc5
9.Bb5+ Bd7 10.Bxd7+ Qxd7 11.O-O O-O 12.Ne5 Qe6 13.Nb5 Qb6 14.Qe2 Ne6 15.Bg3 a6  1/2-1/2

[Event "44th National A ch-IND"]
[Site "Atul IND"]
[Date "2006.12.25"]
[Round "9"]
[White "Syed Anwar,S"]
[Black "Abhishek,D"]
[Result "1-0"]
[WhiteElo "2241"]
[BlackElo "2307"]

1.d4 d5 2.c4 e6 3.Nc3 Nf6 4.Nf3 Be7 5.Bf4 O-O 6.e3 c6 7.Rc1 Nbd7 8.cxd5 exd5
9.Bd3 Re8 10.O-O Nf8 11.Qc2 Ng6 12.Bg5 Ne4 13.Bxe4 dxe4 14.Bxe7 Qxe7 15.Nd2 f5
16.Rce1 b6 17.f3 Ba6 18.Rf2 Bd3 19.Qb3+ Kh8 20.Ne2 f4 21.Nc1 Qg5 22.Nxe4 Bxe4
23.exf4 Qa5 24.Rxe4 Rxe4 25.fxe4 Qe1+ 26.Rf1 Qxe4 27.Qd3 Qd5 28.Nb3 Nh4 29.Qg3 Nf5
30.Qf3 Qxf3 31.Rxf3 Rd8 32.Rc3 Nxd4 33.Nxd4 Rxd4 34.Rxc6 h6 35.Rc8+ Kh7 36.Rc7 Rxf4
37.Rxa7 Rc4 38.h3 Rc2 39.b3 Rb2 40.Kh2 Kg6 41.Kg3 Kf6 42.Kf3 h5 43.Ra6 Kf5
44.g3 g6 45.Ra4 Rc2 46.Rf4+ Ke5 47.Re4+ Kf5 48.a4 Rb2 49.Rb4 Rc2 50.Rb5+ Kf6
51.Rxb6+ Kf5 52.Rb5+ Kf6 53.h4 Rc3+ 54.Kf4 Rc1 55.Rb6+ Kf7 56.a5 Rf1+ 57.Ke3  1-0

[Event "15th Donau Open"]
[Site "Aschach an der Donau AUT"]
[Date "2006.12.26"]
[Round "1"]
[White "Rusev,K"]
[Black "Sachsenhofer,W"]
[Result "1-0"]
[WhiteElo "2409"]
[BlackElo "2142"]

1.d4 d5 2.Nf3 Nf6 3.c4 e6 4.Nc3 Be7 5.Bf4 O-O 6.e3 b6 7.Rc1 dxc4 8.Bxc4 Bb7
9.O-O c5 10.Qe2 Nbd7 11.dxc5 Bxc5 12.a3 Nh5 13.Rfd1 Nxf4 14.exf4 Qe7 15.f5 e5
16.b4 Bd6 17.Qd2 Bxb4 18.axb4 Bxf3 19.gxf3 Qxb4 20.Qxd7 Qxc4 21.Ne4 Qb3 22.Rd3 Qb2
23.Rc7 h6 24.Kg2  1-0

[Event "Masters"]
[Site "Singapore SIN"]
[Date "2006.12.26"]
[Round "2"]
[White "Nguyen Ngoc Truongson"]
[Black "Pham Le Thao Nguyen"]
[Result "1-0"]
[WhiteElo "2534"]
[BlackElo "2277"]

1.d4 Nf6 2.c4 e6 3.Nc3 d5 4.Nf3 Be7 5.Bf4 O-O 6.e3 c5 7.dxc5 Bxc5 8.Qc2 Qe7
9.Be2 Nc6 10.O-O a6 11.a3 dxc4 12.Bxc4 h6 13.Rac1 e5 14.Bg3 Be6 15.Be2 Nd7
16.Rfd1 Bd6 17.Nh4 Bc7 18.Bf3 Rac8 19.Nf5 Qg5 20.Bxc6 bxc6 21.e4 Bxf5 22.exf5 Nf6
23.Qd3 e4 24.Nxe4 Qxf5 25.Nc5 Qxd3 26.Nxd3 Bxg3 27.hxg3 Rfd8 28.Ne5 Rxd1+
29.Rxd1 c5 30.f3 Re8 31.Nc4 Kf8 32.Kf2 Re6 33.g4 g6 34.Rd8+ Ke7 35.Ra8 Nd5
36.g3 Nb6 37.Ra7+ Kf6 38.Nd2 Ke5 39.Rxf7 Kd4 40.b3 c4 41.bxc4 Kd3 42.Ne4 Kxc4
43.Rc7+ Kd4 44.Nc5 Rf6 45.f4 Nc4 46.Nb3+ Kd3 47.Nc1+ Kd4 48.Nb3+ Kd3 49.Rd7+ Kc2
50.Nc5 Kb2 51.a4 Rc6 52.Ne4 Kb3 53.Rd5 Nb6 54.Rc5 Re6 55.a5 Nc4 56.Kf3 Kb4
57.Rd5 Nxa5 58.f5 gxf5 59.gxf5 Re8 60.Rd4+ Kb3 61.g4 Nc4 62.Rxc4  1-0

[Event "15th Donau Open"]
[Site "Aschach an der Donau AUT"]
[Date "2006.12.27"]
[Round "2"]
[White "Nikolov,M"]
[Black "Hiermann,D"]
[Result "1-0"]
[WhiteElo "2446"]
[BlackElo "2227"]

1.d4 d5 2.Nf3 Nf6 3.c4 e6 4.Nc3 Be7 5.Bf4 c6 6.e3 Nbd7 7.h3 O-O 8.Rc1 Ne4
9.Nxe4 dxe4 10.Nd2 f5 11.Be2 c5 12.O-O Bf6 13.Bd6 cxd4 14.Bxf8 Nxf8 15.exd4 Bxd4
16.Nb3 e5 17.Qc2 Ne6 18.c5 Nf4 19.Bc4+ Kh8 20.Kh2 Be6 21.c6 Bxc4 22.cxb7 Rb8
23.Qxc4 Rxb7 24.Nxd4 exd4 25.Qxd4 Qb8 26.Qe5 Nd3 27.Qxb8+ Rxb8 28.Rc7 h6
29.b3 a5 30.Ra7  1-0

[Event "XVI Magistral A"]
[Site "Pamplona ESP"]
[Date "2006.12.27"]
[Round "5"]
[White "Wojtaszek,R"]
[Black "Illescas Cordoba,M"]
[Result "1/2-1/2"]
[WhiteElo "2630"]
[BlackElo "2620"]

1.d4 Nf6 2.c4 e6 3.Nf3 d5 4.Nc3 Be7 5.Bf4 O-O 6.e3 Nbd7 7.a3 c5 8.cxd5 Nxd5
9.Nxd5 exd5 10.dxc5 Nxc5 11.Be5 Bf6 12.Be2 Bxe5 13.Nxe5 Be6 14.Nf3 Qb6 15.b4 Ne4
16.Qd4 Rfc8 17.Bd3 Qxd4 18.Nxd4  1/2-1/2

[Event "XVI Magistral B"]
[Site "Pamplona ESP"]
[Date "2006.12.27"]
[Round "7"]
[White "Alexandrova,O"]
[Black "Glavina,P"]
[Result "1/2-1/2"]
[WhiteElo "2371"]
[BlackElo "2418"]

1.d4 Nf6 2.c4 e6 3.Nc3 d5 4.Nf3 Be7 5.Bf4 O-O 6.e3 Nbd7 7.c5 c6 8.Bd3 b6
9.b4 a5 10.a3 Ba6 11.O-O Qc8 12.h3 Qb7 13.Qe2 axb4 14.axb4 Bxd3 15.Qxd3 Rxa1
16.Rxa1 Ra8 17.Qb1 h6 18.Rxa8+ Qxa8 19.Qa2 Qb7 20.Qa3 Bd8 21.Qa4 b5 22.Qa1 Bc7
23.Bxc7 Qxc7 24.Qa8+ Kh7 25.Ne2 Nb8 26.Ne5 Ne4 27.Nf4 g5 28.Nfd3 Kg7 29.Nc1 f6
30.Ned3 Nd2 31.Ne2 Nc4 32.g4 h5 33.Ng3 h4 34.Nh5+ Kg6 35.Nc1  1/2-1/2

[Event "XVII Cracovia A"]
[Site "Krakow POL"]
[Date "2006.12.29"]
[Round "3"]
[White "Shishkin,Va UKR"]
[Black "Markiewicz,Ja"]
[Result "1-0"]
[WhiteElo "2484"]
[BlackElo "2300"]

1.d4 d5 2.c4 e6 3.Nf3 Nf6 4.Nc3 Be7 5.Bf4 O-O 6.e3 b6 7.cxd5 exd5 8.Bd3 Bb7
9.Ne5 Nbd7 10.Qf3 Nxe5 11.dxe5 Ne4 12.Nxe4 dxe4 13.Bxe4 Bb4+ 14.Kf1 Bxe4
15.Qxe4 Qd2 16.g4 Rad8 17.Kg2 Qe2 18.Qxb4 Qxg4+ 19.Kf1 Rd1+ 20.Rxd1 Qxd1+
21.Qe1 Qf3 22.Rg1 Rd8 23.Rg3 Qh1+ 24.Ke2 Qe4 25.Qc1 Rd4 26.f3 Qd3+ 27.Ke1 Rd5
28.Rg2 Rc5 29.Qd1  1-0

[Event "Masters"]
[Site "Singapore SIN"]
[Date "2006.12.29"]
[Round "8"]
[White "Nava,R"]
[Black "Toh,T"]
[Result "1/2-1/2"]
[WhiteElo "2348"]
[BlackElo "2410"]

1.Nf3 d5 2.c4 e6 3.d4 Nf6 4.Nc3 Be7 5.Bf4 O-O 6.e3 c5 7.dxc5 Bxc5 8.Qc2 Nc6
9.a3 Qa5 10.Rd1 Ne4 11.cxd5 Nxc3 12.bxc3 exd5 13.Rxd5 Qxa3 14.Be2 g6 15.O-O Be6
16.Rg5 Rfd8 17.Rb1 b6 18.Rg3 Qa2 19.Rb2 Qa1+ 20.Rb1 Qa2 21.Rb2  1/2-1/2

[Event "27th Open A"]
[Site "Bethune FRA"]
[Date "2006.12.30"]
[Round "9"]
[White "Shchekachev,A"]
[Black "Feller,S"]
[Result "1/2-1/2"]
[WhiteElo "2561"]
[BlackElo "2424"]

1.c4 e6 2.Nc3 d5 3.d4 Be7 4.Nf3 Nf6 5.Bf4 O-O 6.e3 Nbd7 7.c5 Nh5 8.Bd3 Nxf4
9.exf4 b6 10.b4 a5 11.a3 c6 12.O-O Qc7 13.g3 Bb7 14.Re1 Rfe8 15.Qc2 g6 16.h4 Ba6
17.Bxa6 Rxa6 18.Rab1 axb4 19.axb4 b5 20.Kg2 Kg7 21.h5 Bf6 22.Rh1 Raa8 23.Qd2 Kg8
24.Rbe1 Bg7 25.Ng5 Nf8 26.Nf3 Ra3 27.Qc2 Nd7 28.Rb1 Nf8 29.Rb2 Nd7 30.Re1 Nf8
31.Re3 Ra1 32.hxg6 hxg6 33.Rb1 Rxb1 34.Qxb1 Nd7 35.Re2 Ra8 36.Qb2 Ra6 37.Qb3 Qa7
38.Ra2 Rxa2 39.Qxa2 Qxa2 40.Nxa2 Nb8 41.Nc1 Kf8 42.Nd3 Nd7 43.g4 Ke7 44.Kf1 Bh8
45.Ke2 Bg7 46.Nd2 Nb8 47.Nb3 Kd7 48.Kd2 Kc7 49.Ne5 Bxe5 50.fxe5 Na6 51.Kc3 Nb8
52.Nc1 Kd7 53.Kd2 Na6 54.Nd3 Ke7 55.Ke3 Kf8 56.Kf4 Nc7 57.Kg5 Kg7 58.Ne1 Na6
59.Nc2 Nc7 60.Ne1 Na6 61.Nd3 Nc7 62.Ne1 Na6 63.Nd3 Nc7  1/2-1/2

[Event "49th It"]
[Site "Reggio Emilia ITA"]
[Date "2007.01.03"]
[Round "5"]
[White "Khenkin,I"]
[Black "Rombaldoni,D"]
[Result "1-0"]
[WhiteElo "2620"]
[BlackElo "2377"]

1.d4 d5 2.c4 e6 3.Nc3 Be7 4.Nf3 Nf6 5.Bf4 O-O 6.e3 c5 7.dxc5 Bxc5 8.a3 Nc6
9.Qc2 Qa5 10.Nd2 Be7 11.Bg3 Bd7 12.Be2 Rfc8 13.O-O Qd8 14.Qd3 Be8 15.cxd5 Nxd5
16.Nxd5 Qxd5 17.Qxd5 exd5 18.Bg4 Rd8 19.Bc7 d4 20.Bxd8 Rxd8 21.Nf3 d3 22.Bf5 Bf6
23.Rfd1 g6 24.Be4 Bxb2 25.Ra2 Bf6 26.Rxd3 Rb8 27.g4 Na5 28.g5 Be7 29.Rc2 Ba4
30.Rc7 Bd8 31.Rc1 b6 32.Bd5 Kg7 33.Rdc3 b5 34.Rc8 Rxc8 35.Rxc8 Bb6 36.Ne5 Bb3
37.Nd7 h6 38.h4  1-0

[Event "Masters 2006-7"]
[Site "Hastings ENG"]
[Date "2007.01.05"]
[Round "9"]
[White "Auckland,E"]
[Black "O'Toole,G"]
[Result "1/2-1/2"]
[WhiteElo "1850"]
[BlackElo "1935"]

1.Nf3 d5 2.d4 Nf6 3.c4 e6 4.Nc3 Be7 5.Bf4 O-O 6.e3 a6 7.Be2 dxc4 8.Bxc4 b5
9.Bd3 Bb7 10.O-O Nbd7 11.Rc1  1/2-1/2

[Event "Petrovskaya Ladya GM"]
[Site "Peterhof RUS"]
[Date "2007.01.08"]
[Round "7"]
[White "Yevseev,D"]
[Black "Kim,Alex"]
[Result "1/2-1/2"]
[WhiteElo "2522"]
[BlackElo "2457"]

1.d4 d5 2.c4 e6 3.Nc3 Nf6 4.Nf3 Be7 5.Bf4 c6 6.e3 Nbd7 7.h3 b6 8.Bd3 Bb7
9.O-O a6 10.e4 dxe4 11.Nxe4 Nxe4 12.Bxe4 Nf6 13.Bc2 O-O 14.Qe2 c5 15.Rad1 cxd4
16.Be5 Qc8 17.Rxd4 Qc5 18.Qd3 g6 19.Re1 Rfd8 20.Rxd8+ Rxd8 21.Qc3 Ne8 22.Bd4 Qc7
23.Qe3 Bc5 24.Bxc5 bxc5 25.Be4 Bxe4 26.Qxe4 Nf6 27.Qe3 Nh5 28.Qe5 Qe7 29.Re2 Nf6
30.Rd2 Rxd2 31.Nxd2 Qd8 32.Nb3 Qd1+ 33.Kh2 Nd7 34.Qc7 Qd3 35.Nxc5 Qxc4 36.Nxa6 Qxa6
37.Qxd7 Qxa2 38.Qd8+ Kg7 39.Qd4+ Kf8 40.b4 Ke7 41.b5 Qd5 42.Qh4+  1/2-1/2

[Event "13th Festival A"]
[Site "Zupanja CRO"]
[Date "2007.01.09"]
[Round "9"]
[White "Sertic,Ru"]
[Black "Bobanac,M"]
[Result "0-1"]
[WhiteElo "2346"]
[BlackElo "2303"]

1.d4 Nf6 2.c4 e6 3.Nf3 d5 4.Nc3 Be7 5.Bf4 O-O 6.e3 a6 7.c5 Nbd7 8.h3 c6 9.Bd3 Re8
10.O-O Bxc5 11.dxc5 e5 12.Nxe5 Nxe5 13.Bc2 Ng6 14.Bg3 Be6 15.Qd4 Qc8 16.Na4 Nd7
17.b4 Qd8 18.f4 f5 19.Be1 Qf6 20.Qd1 Re7 21.Bc3 Qf7 22.g4 Ree8 23.Qd4 Ne7
24.g5 Ng6 25.Be1 Ndf8 26.Nb6 Rad8 27.Bc3 Nd7 28.Na4 Ndf8 29.Qd3 d4 30.Bxd4 Bc4
31.Qxf5 Qxf5 32.Bxf5 Bxf1 33.Rxf1 Ne7 34.Be4 Ne6 35.Bc3 Nd5 36.Bxd5 Rxd5
37.Nb2 a5 38.a3 axb4 39.axb4 Ra8 40.Nc4 Ra2 41.Rc1 g6 42.h4 Nc7 43.Be1 Rd3
44.e4 Ne6 45.Ne5 Rd4 46.f5 Nf4 47.Kf1 Rxe4 48.Ng4 Nd5 49.Nh6+ Kf8 50.f6 Rf4+
51.Kg1 Ne3  0-1

[Event "zt 3.3"]
[Site "Phu Quoc VIE"]
[Date "2007.01.11"]
[Round "1"]
[White "Nguyen Huynh Minh H"]
[Black "De Ramos,J"]
[Result "0-1"]
[WhiteElo "2395"]
[BlackElo "2211"]

1.d4 d5 2.c4 e6 3.Nf3 Nf6 4.Nc3 Be7 5.Bf4 O-O 6.e3 a6 7.c5 c6 8.Bd3 Nbd7
9.h3 Re8 10.O-O Bxc5 11.dxc5 e5 12.Nxe5 Nxe5 13.Bc2 Ng6 14.Bg3 Be6 15.f4 Bd7
16.Qd4 Nh5 17.Bh2 f5 18.Na4 Nf6 19.Nb6 Rb8 20.Bg3 Ne4 21.Be1 Nf8 22.b4 Ne6
23.Qb2 Nc7 24.Rd1 Re6 25.Bxe4 Rxe4 26.Bc3 Qe7 27.Rf3 Be8 28.Rg3 Ne6 29.Be5 Rd8
30.Na4 Bh5 31.Rd2 Re8 32.Nc3 Rc4 33.a3 Qf7 34.Nb1 Re4 35.Rf2 g6 36.Nd2 Rd8
37.Kh2 h6 38.h4 Kh7 39.Kg1 Bg4 40.Bd6 Ng7 41.Nxe4 dxe4 42.Rd2 Nh5 43.Kf2 Qf6
44.Rxg4 Qxb2 45.Rxb2 fxg4 46.Rd2 g3+ 47.Ke2 Nf6 48.Rd4 Kg8 49.Kd2 Kf7 50.Kc3 Ke6
51.Rd1 Nd5+ 52.Kd4 Kf5 53.Rh1 Nf6 54.Rh3 Ne8 55.Rxg3 Nxd6 56.cxd6 Rxd6+ 57.Kc5 Rd5+
58.Kb6 Rb5+ 59.Kc7 a5 60.bxa5 c5 61.a4 Rxa5 62.Kb6 Rxa4 63.Kxc5 Ra3 64.Kb4 Rd3
65.Kc4 Rd2 66.Kc3 Rd1 67.h5 gxh5 68.Kc4 Rd3 69.Rg7 Rxe3 70.Rf7+ Kg4 71.Kd4 Re2
72.f5 Kf4 73.f6 Rxg2 74.Rxb7 Rd2+ 75.Kc3 Rd6 76.f7 Rf6 77.Kd2 Kf3 78.Rb3+ Kf4
79.Rb7 h4 80.Ke2 h3 81.Rb1 Rxf7 82.Rf1+ Kg3 83.Rxf7 h2 84.Rf1 h5 85.Ke1 e3
86.Ke2 Kg2 87.Rf5 h4  0-1

[Event "4NCL 2006-07"]
[Site "Coventry ENG"]
[Date "2007.01.14"]
[Round "6"]
[White "Williams,Si1"]
[Black "Parker,J"]
[Result "1/2-1/2"]
[WhiteElo "2483"]
[BlackElo "2522"]

1.d4 d5 2.c4 e6 3.Nc3 Be7 4.Nf3 Nf6 5.Bf4 O-O 6.e3 Nbd7 7.Qc2 c5 8.O-O-O b6
9.cxd5 exd5 10.Ng5 Bb7 11.dxc5 Rc8 12.h4 Rxc5 13.Bd3 h6 14.Bh7+ Kh8 15.Bf5 Bc6
16.g4 b5 17.Bxd7 Bxd7 18.Be5 Ne4 19.f3 Bxg5 20.hxg5 Qxg5 21.Bf4 Nxc3 22.Bxg5 Nxa2+
23.Kb1 Rxc2 24.Kxc2 Nb4+ 25.Kd2 Re8 26.Bf4 Kg8 27.Rc1 Nc6 28.Rc5 d4 29.e4 Na5
30.Rc7 Nb3+ 31.Kc2 Be6 32.Rxa7 Bc4 33.Rb7 Nc5 34.Rb8 Rxb8 35.Bxb8 Be2 36.Rh3 Ne6
37.Kd2 Ng5 38.Rg3 Bxf3 39.Kd3 Bxe4+ 40.Kxd4 f5 41.Bf4 Nf3+ 42.Ke3 g5 43.gxf5 Bc6
44.Rxf3 Bxf3 45.Bxg5  1/2-1/2

[Event "5th Parsvnath Open"]
[Site "New Delhi IND"]
[Date "2007.01.16"]
[Round "3"]
[White "Adly,A"]
[Black "Rahman,Tai"]
[Result "1/2-1/2"]
[WhiteElo "2507"]
[BlackElo "2259"]

1.d4 d5 2.c4 e6 3.Nf3 Nf6 4.Nc3 Be7 5.Bf4 O-O 6.e3 c5 7.Bd3 cxd4 8.exd4 Nc6
9.O-O Nb4 10.Be2 dxc4 11.Bxc4 b6 12.Qe2 Bb7 13.Rfd1 Rc8 14.Ne5 Nbd5 15.Nxd5 Nxd5
16.Bg3 Bg5 17.a4 Bf4 18.Ba6 Qc7 19.a5 Bxa6 20.Qxa6 Qc2 21.Nd3 Bxg3 22.hxg3 Qc4
23.axb6 axb6 24.Nf4 b5 25.Nd3 Nb4 26.Nxb4 Qxb4 27.d5 exd5 28.Rxd5 Qxb2 29.Rxb5 Rc1+
30.Rxc1 Qxc1+ 31.Kh2 g6 32.f4 Re8 33.Qf6 Qe3 34.Rd5 Qe6 35.Qd4 Qe3 36.Qc4 Qe4
37.Qb3 Qe3 38.Rd3 Qe2 39.Qb5 Kg7 40.Qd5 Qe4 41.Qb3 Qe6 42.Qb5 h5 43.Rf3 Qf6
44.g4  1/2-1/2

[Event "ch-CUB Open"]
[Site "Santa Clara CUB"]
[Date "2007.01.17"]
[Round "8"]
[White "Hernandez,Hold"]
[Black "Gonzalez,Yu"]
[Result "1-0"]
[WhiteElo "2543"]
[BlackElo "2494"]

1.Nf3 Nf6 2.c4 e6 3.Nc3 d5 4.d4 Be7 5.Bf4 O-O 6.e3 Nbd7 7.cxd5 exd5 8.Bd3 c5
9.O-O b6 10.Ne5 Bb7 11.Qf3 a6 12.Qh3 g6 13.Bh6 Re8 14.f4 Bf8 15.Bg5 Bg7 16.Qh4 Qc7
17.f5 cxd4 18.exd4 Nxe5 19.dxe5 Ne4 20.Bf6 Rxe5 21.fxg6 Nxf6 22.gxh7+ Kh8
23.Rxf6 Qe7 24.Rf4 Qxh4 25.Rxh4 Rae8 26.Rf4 d4 27.Nd1 Rg5 28.g3 Bd5 29.Nf2 Rge5
30.Ng4 Re1+ 31.Rf1 Rxa1 32.Rxa1 Be4 33.Re1 f5 34.Nf2 Bh6 35.Nxe4 fxe4 36.Rxe4 Be3+
37.Kg2 Rxe4 38.Bxe4 Kg7 39.h4 Bc1 40.b3 Ba3 41.g4 Bd6  1-0

[Event "TCh-AUT 2006-7"]
[Site "Leoben AUT"]
[Date "2007.01.18"]
[Round "4"]
[White "Ftacnik,L"]
[Black "Wukits,R"]
[Result "1-0"]
[WhiteElo "2582"]
[BlackElo "2298"]

1.Nf3 Nf6 2.c4 e6 3.Nc3 d5 4.d4 Be7 5.Bf4 O-O 6.e3 a6 7.cxd5 exd5 8.Bd3 Nbd7
9.O-O c6 10.Qc2 g6 11.Rab1 Nh5 12.Bh6 Ng7 13.b4 Nf6 14.h3 Bd6 15.a4 Re8 16.Bxg7 Kxg7
17.b5 axb5 18.axb5 Ra3 19.Ra1 Rxa1 20.Rxa1 Bd7 21.bxc6 bxc6 22.Ra6 Qc8 23.Na4  1-0

[Event "TCh-AUT 2006-7"]
[Site "Leoben AUT"]
[Date "2007.01.19"]
[Round "5"]
[White "Mikhalchishin,M"]
[Black "Beliavsky,A"]
[Result "1/2-1/2"]
[WhiteElo "2320"]
[BlackElo "2639"]

1.d4 Nf6 2.c4 e6 3.Nf3 d5 4.Nc3 Be7 5.Bf4 O-O 6.e3 c5 7.dxc5 Bxc5 8.cxd5 Nxd5
9.Nxd5 exd5 10.a3 Nc6 11.Bd3 Bb6 12.O-O d4 13.e4 Bg4 14.h3 Qf6 15.Bh2 Bxf3
16.Qxf3 Qxf3 17.gxf3 Na5 18.Rad1 Rac8 19.Rfe1 Rfd8 20.e5 Nb3 21.Bf4 g6  1/2-1/2

[Event "5th Parsvnath Open"]
[Site "New Delhi IND"]
[Date "2007.01.19"]
[Round "7"]
[White "Dreev,A"]
[Black "Safin,S"]
[Result "1/2-1/2"]
[WhiteElo "2658"]
[BlackElo "2459"]

1.d4 Nf6 2.c4 e6 3.Nf3 d5 4.Nc3 Be7 5.Bf4 O-O 6.e3 c5 7.dxc5 Bxc5 8.cxd5 Nxd5
9.Nxd5 exd5 10.a3 Nc6 11.Bd3 Bb6 12.O-O d4 13.Qc2 h6 14.e4 Qf6 15.Bg3 Bg4
16.Nd2 Rfc8 17.Qa4 h5 18.h4  1/2-1/2

[Event "ch-SER Qualification"]
[Site "Belgrade SER"]
[Date "2007.01.23"]
[Round "1"]
[White "Milanovic,Da"]
[Black "Mihic,B"]
[Result "1/2-1/2"]
[WhiteElo "2519"]
[BlackElo "2369"]

1.d4 e6 2.c4 d5 3.Nc3 Be7 4.Nf3 Nf6 5.Bf4 O-O 6.e3 c5 7.dxc5 Nc6 8.Qc2 Bxc5
9.a3 Qa5 10.O-O-O dxc4 11.Bxc4 a6 12.Nd2 Be7 13.Nb3 Qb6 14.g4 Na5 15.Nxa5 Qxa5
16.g5 Nh5 17.Bd6 Bxd6 18.Rxd6 Qxg5 19.Qd1 b5 20.Be2 Nf6 21.Rg1 Qc5  1/2-1/2

[Event "ch-SER Qualification"]
[Site "Belgrade SER"]
[Date "2007.01.26"]
[Round "4"]
[White "Radulovic,Du"]
[Black "Lajthajm,B"]
[Result "0-1"]
[WhiteElo "2303"]
[BlackElo "2515"]

1.Nf3 e6 2.c4 Nf6 3.d4 Bb4+ 4.Bd2 Be7 5.Nc3 d5 6.Bf4 O-O 7.e3 a6 8.Rc1 dxc4
9.Bxc4 b5 10.Bd3 Bb7 11.O-O Nbd7 12.Qe2 c5 13.Rfd1 cxd4 14.exd4 Re8 15.Ne5 Nb6
16.Bg5 Nbd5 17.f3 Nh5 18.Bxe7 Qxe7 19.Be4 Qg5 20.Bxd5 Bxd5 21.Nd7 Nf4 22.Qd2 Bxf3
23.h4 Qg3 24.Rf1 Ne2+ 25.Qxe2 Bxe2  0-1

[Event "ch-Kyiv"]
[Site "Kyiv UKR"]
[Date "2007.01.26"]
[Round "7"]
[White "Shishkin,Va UKR"]
[Black "Karnaukh,A"]
[Result "1-0"]
[WhiteElo "2474"]
[BlackElo "2253"]

1.d4 Nf6 2.c4 e6 3.Nc3 d5 4.Nf3 Be7 5.Bf4 O-O 6.e3 b6 7.cxd5 exd5 8.Bd3 c5
9.Ne5 Be6 10.O-O Nfd7 11.Qf3 Nxe5 12.dxe5 Nc6 13.Rad1 Qc8 14.Nxd5 Bxd5 15.Qxd5 Nb4
16.Qe4 Nxd3 17.Rxd3 a6 18.Bg3 Ra7 19.f4 f5 20.exf6 Bxf6 21.b3 Re8 22.Qc4+ Qe6
23.Qxe6+ Rxe6 24.Rc1 g6 25.Kf2 Kf7 26.Kf3 Rae7 27.Bf2 Bb2 28.Rc2 Ba3 29.Bh4 Re8
30.g4 b5 31.Bg5 Bb4 32.f5 Rc6 33.Rd7+ Kg8 34.Be7 Rec8 35.Bd6 a5 36.f6 Rxd6
37.Rxd6 c4 38.Rd5 Kf7 39.bxc4 bxc4 40.a3 Be1 41.Rc1 Ke6 42.Rd4  1-0